LEADER 01034nam a2200277 i 4500 001 000000109454 003 CaOOAMICUS 005 20220414095440.0 008 021106s1947 it u000 u ita u 013 $a82134 020 $a88-06-39974-8 040 $aSeMil$bita 100 1 $aPavese, Cesare,$d<1908-1950>.$0(OLS)http://semarc/name/8328 245 13$aIl compagno /$cCesare Pavese. 264 1$aTorino :$bEinaudi,$c1947. 300 $a144 p. ;$c20 cm. 490 1 $aNuovi coralli ;$v89 650 4$aPavese, Cesare <1908-1950> - Opere.$0(OLS)http://semarc/subject/52089 830 0$aNuovi coralli ;$v89.$0(OLS)http://semarc/title/6905 850 $aSeMil 852 $aSeMil$W1$xVenegono$y1$m1C II 224$j241000$B65440$CSeMilBibl$Z2$F72846 $81 961 $aRecupero: Biblioteca Seminario Liceale 996 $6020$a88-06-39974-8$9(OLS)http://semarc/number/90815 996 $6245$aIl compagno$9(OLS)http://semarc/title/158908 996 $6264$aTorino :$bEinaudi$9(OLS)http://semarc/publisher/29884 LEADER 01168nam a2200265 i 4500 001 000000114805 003 CaOOAMICUS 005 20030430000000.0 008 030430s2000 it u000 u ita u 013 $a87493 020 $a88-85926-29-0 040 $aSeMil$bita 100 1 $aFallico, Antonio.$0(OLS)http://semarc/name/16189 245 10$aPedagogia pastorale :$bquesta sconosciuta : itinerario di formazione per operatori pastorali, presbiteri, religiosi e laici /$cAntonio Fallico. 260 $aCatania :$bChiesa-Mondo,$c2000. 300 $a568 p. ;$c23 cm. 500 $aFondo Card. C.M. Martini. 650 4$aPedagogia pastorale.$0(OLS)http://semarc/subject/20943 850 $aSeMil 852 $aSeMil$W1$xVenegono$y1$m2F IV 277$j70348$B70348$CSeMilBibl$Z2$F75738 $81 941 1 $a4 961 $aOmaggio: Martini Card. Carlo Maria 996 $6020$a88-85926-29-0$9(OLS)http://semarc/number/98281 996 $6245$aPedagogia pastorale :$bquesta sconosciuta : itinerario di formazione per operatori pastorali, presbiteri, religiosi e laici$9(OLS)http://semarc/title/167908 996 $6260$aCatania :$bChiesa-Mondo$9(OLS)http://semarc/publisher/39722